Countries that speak Spanish! - Statistics

General Stats
  • This quiz has been taken 33 times
  • The average score is 19 of 20
Answers on the Map
Answers color-coded by a green-red scale on the quiz's map according to % correct below.
 
Answer Stats
Answer % Correct
Colombia
100%
Ecuador
100%
Honduras
100%
Mexico
100%
Nicaragua
100%
Panama
100%
Spain
100%
Argentina
97%
Bolivia
97%
Chile
97%
Costa Rica
97%
Cuba
97%
El Salvador
97%
Paraguay
97%
Peru
97%
Uruguay
97%
Venezuela
97%
Dominican Republic
93%
Guatemala
93%
Equatorial Guinea
69%
No matching quizzes found
Score Distribution
Percent of People with Each Score
Percentile by Number Answered
Your Score History
You have not taken this quiz